Oltre il mito : l'Egitto degli italiani (1917-1947) /

محفوظ في:

المؤلف الرئيسي: Petricioli, Marta (مؤلف)

التنسيق: كتاب

اللغة: Italian

منشور في: [Milan, Italy] : [B. Mondadori], c2007.

سلاسل: Ricerca.

الموضوعات:

الوسوم: إضافة وسم

لا توجد وسوم, كن أول من يضع وسما على هذه التسجيلة!

رقم الطلب: DT72 .I8 P48 2007

LEADER 01014namaa2200289 4500
001 19226
003 OSt
005 20220303080648.0
008 130303s2007 it g b 001 0 ita d
952 |0 0  |1 0  |2 lcc  |4 0  |6 DT0072 I8 P48 02007  |7 1  |9 38088  |a ARCE  |b ARCE  |d 2022-03-03  |l 0  |o DT72 .I8 P48 2007  |p 1008913  |r 2022-03-03 00:00:00  |w 2022-03-03  |y BK 
999 |c 16986  |d 16986 
010 |a 2007357289 
020 |a 9788842421207 
040 |c ARCE Library 
043 |a f-ua--- 
050 4 |a DT72 .I8 P48 2007 
100 1 |a Petricioli, Marta,  |e author  |9 37535 
245 1 0 |a Oltre il mito :   |b l'Egitto degli italiani (1917-1947) /   |c Marta Petricioli. 
264 1 |a [Milan, Italy] :   |b [B. Mondadori],   |c c2007. 
300 |a ix, 500 pages ;   |c 21 cm. 
490 0 |a Ricerca. 
504 |a Includes bibliographical references and index. 
650 0 |a Italians  |z Egypt  |x History  |y 20th century. 
651 0 |a Egypt  |x Ethnic relations  |x History  |y 20th century. 
651 0 |a Egypt  |x History  |y 20th century. 
901 |a reviewed 
942 |c BK  |2 lcc